000 00362nam a2200133Ia 4500
005 20250729165807.0
008 250729s2013 xx 000 0 und d
041 _aeng
082 _a540.25 SHEC
100 _aShetty Adithya namada
_9233159
245 _aChemistry I P U C Text Book
260 _aMangalore
_bBoscoss Publication
_c2013
650 _aScience
_9233160
999 _c240142
_d240142